O vybraných príčinach a súvislostiach kríz v súčasnom svete

Základné príčiny a súvislosti pôsobenia kríz v súčasných medzinárodných vzťahoch, ktoré majú nevojenský charakter. Príčiny a súvislosti globálnej krízy 21. storočia, ktorá je spojená s globálnym kapitalizmom. Dialektika pôsobenia vojenských a nevojenských prvkov v súčasných krízach. Vybrané príklady...

Ausführliche Beschreibung

Gespeichert in:
Bibliographische Detailangaben
1. Verfasser: Škvrnda, František
Format: Buchkapitel
Sprache:Slowakisch
Schlagworte:
Tags: Tag hinzufügen
Keine Tags, Fügen Sie das erste Tag hinzu!

MARC

LEADER 00000naa$a2200000$$$4500
001 0281454
005 20240502074401.3
041 0 |a slo 
044 |a SK 
245 1 0 |a O vybraných príčinach a súvislostiach kríz v súčasnom svete  |c František Škvrnda 
520 |a Základné príčiny a súvislosti pôsobenia kríz v súčasných medzinárodných vzťahoch, ktoré majú nevojenský charakter. Príčiny a súvislosti globálnej krízy 21. storočia, ktorá je spojená s globálnym kapitalizmom. Dialektika pôsobenia vojenských a nevojenských prvkov v súčasných krízach. Vybrané príklady kríz v súčasnom svete, ktoré majú nevojenský charakter. 
610 2 0 |a kríza 
610 2 0 |a kríza pandemická 
610 2 0 |a neoliberalizmus 
610 2 0 |a kapitalizmus 
610 2 0 |a vzťahy medzinárodné 
100 1 |a Škvrnda, František